| 000 | 00515nam a22001817a 4500 | ||
|---|---|---|---|
| 008 | 140630b xxu||||| |||| 00| 0 eng d | ||
| 020 | _a9-7801-9959-3385 | ||
| 082 |
_222 ed. _a346.059 WIL |
||
| 100 | _aWilson, Sarah | ||
| 245 |
_aTodd & Wilson's textbook on Trusts / _c Sarah Wilson |
||
| 250 | _a10 ed. | ||
| 260 |
_aUSA : _bOxfor univ. press _c2011 |
||
| 300 |
_axxxv, 501 P. ; _c25 cm. |
||
| 500 | _aIncludes Index | ||
| 650 | _a Trusts | ||
| 650 | _aTodd & Wilson's textbook on Trusts | ||
| 942 |
_2ddc _cBK |
||
| 999 |
_c5913 _d5913 |
||